000 00773nam a22002417a 4500
003 UA-OsUOA
001 60270
007 ta
008 20090513b un ||||| |||| 00| 0 ukr d
090 _a347.73(477)
_bП44
942 _cBK
040 _aUA-OsUOA
_bukr
_cUA-OsUOA
_dUA-OsUOA
245 _aПодаткове право України
_bНавч. посібник
_cЗа ред. Воронової Л.К.,Кучерявенко М.П.
300 _a485 с.
955 _a2
041 _aukr
080 _a347.73(477)
020 _a9780966-2183-13-9
260 _aК.
_bПравова єдність
_c2009
246 3 1 _aКредито-модульний курс
_n
650 7 _a347 Цивільне право. Судовий устрій
_2UDC
999 _c346036
_d346036